Альбом-каталог "Письма с фронта". Ч. 2 (Запись № 13546247)

Подробности
000 -МАРКЕР
контрольное поле 01727nam2a2200265 4500
001 - ИДЕНТИФИКАТОР ЗАПИСИ
контрольное поле RU\NLR\BIBL_A\022717698
005 - ИДЕНТИФИКАТОР ВЕРСИИ
контрольное поле 20260422140605.0
010 ## - МЕЖДУНАРОДНЫЙ СТАНДАРТНЫЙ НОМЕР КНИГИ (ISBN)
Номер (ISBN) 978-5-6054067-2-3
Тираж 250
021 ## - НОМЕР ГОСУДАРСТВЕННОЙ РЕГИСТРАЦИИ
Код страны Российская Федерация
Номер КН-П-25-075486
Номер Листа государственной регистраци КН-П-25-7321
035 ## - ДРУГИЕ СИСТЕМНЫЕ НОМЕРА
Идентификатор записи (NLR Aleph) 022717698
100 ## - ДАННЫЕ ОБЩЕЙ ОБРАБОТКИ
Данные общей обработки 20260204d2025 u y0rusy50 ca
101 0# - ЯЗЫК РЕСУРСА
Язык текста, звукозаписи и т.д. русский
102 ## - СТРАНА ПУБЛИКАЦИИ ИЛИ ПРОИЗВОДСТВА
Страна публикации Российская Федерация
105 ## - ПОЛЕ КОДИРОВАННЫХ ДАННЫХ: ТЕКСТОВЫЕ МАТЕРИАЛЫ, МОНОГРАФИЧЕСКИЕ
Кодированные данные о монографическом текстовом документе ach b 010yc
200 0# - ЗАГЛАВИЕ И СВЕДЕНИЯ ОБ ОТВЕТСТВЕННОСТИ
Основное заглавие Ч. 2
210 ## - ПУБЛИКАЦИЯ, РАСПРОСТРАНЕНИЕ И ДР.
Дата издания, распространения и т.д. 2025
215 ## - ФИЗИЧЕСКАЯ ХАРАКТЕРИСТИКА
Специфическое обозначение материала и объем 276 с
Другие сведения о физической характеристике цв. ил., портр., факс.
300 ## - ОБЩИЕ ПРИМЕЧАНИЯ
Текст примечания К 80-летию Победы в Великой Отечественной войне 1941–1945 гг.
461 #0 - УРОВЕНЬ НАБОРА
Встроенное поле 001RU\NLR\BIBL_A\022717689
-- 2001#$aАльбом-каталог "Письма с фронта"$d"Чаадаң килгең пічіктер" альбом-каталог$fГосударственное автономное учреждение культуры Республики Хакасия "Хакасский национальный краеведческий музей им. Л. Р. Кызласова"$g[составители: Н. В. Табаева и др.$gавтор идеи: И. Н. Худякова]$zkhk$vЧ. 2
Системный номер (АБИС) связанной записи 13696510
Место публикации Абакан
Дата публикации 2025-
Издание [2-е изд.]
Первые сведения об ответственности Государственное автономное учреждение культуры Республики Хакасия "Хакасский национальный краеведческий музей им. Л. Р. Кызласова"
Параллельное заглавие "Чаадаң килгең пічіктер" альбом-каталог
Имя издателя, распространителя и т.д. [б. и.]
Заглавие Альбом-каталог "Письма с фронта"
Номер тома Ч. 2
942 ## - ДОПОЛНИТЕЛЬНЫЕ ЭЛЕМЕНТЫ ЗАПИСИ (АБИС)
Тип экземпляра АБИС Книга
980 ## - КОЛЛЕКЦИЯ
Название коллекции Национальная библиография

Нет доступных экземпляров.